La gitanilla
Uloženo v:
| Hlavní autor: | |
|---|---|
| Médium: | Kniha |
| Jazyk: | španělština |
| Vydáno: |
Madrid
Juan Pueyo
1914
|
| Edice: | Novelas Ejemplares
|
| Témata: | |
| Tagy: |
Přidat tag
Žádné tagy, Buďte první, kdo vytvoří štítek k tomuto záznamu!
|
MARC
| LEADER | 00000nam a2200000 a 4500 | ||
|---|---|---|---|
| 001 | UCI4435 | ||
| 003 | CL-VaPUC | ||
| 008 | 080118e19140000SP |||||||||||||||||spa|d | ||
| 082 | 0 | 4 | |a 863 |b CER |2 21 |
| 100 | |a Cervantes y Saavedra, Miguel de |e author |9 267947 | ||
| 245 | 1 | 3 | |a La gitanilla |
| 300 | |a pág. irregular | ||
| 942 | |c BK | ||
| 945 | |d 20080118 00:00:00 |a rbrito | ||
| 260 | |a Madrid |b Juan Pueyo |c 1914 | ||
| 500 | |a Donación Padres Capuchinos | ||
| 650 | 0 | |a Novelas españolas |9 265052 | |
| 583 | |a last modification |c 20080118 00:00:00 |k Rodrigo Vera | ||
| 490 | 0 | |a Novelas Ejemplares | |
| 999 | |c 328377 |d 328375 | ||
| 952 | |0 0 |1 0 |4 0 |6 863_000000000000000_CER_1914 |7 0 |8 X |9 412244 |a FDOBUD |b FDOBUD |d 2019-11-22 |i 4402766 |o 863 CER 1914 |p 4402766 |r 2019-11-22 |w 2019-11-22 |y BK_X |k BUD | ||